000 00553nam a22001937a 4500
005 20251108173720.0
008 250721s2007 xx 000 0 ara d
082 1 4 _a217.8/محم
100 1 _aمحمود، نبيل بن محمد
_eمؤلف
245 1 0 _aكتاب الجنائز /
264 1 _aالقاهرة :
_bمكتبة الصفا،
_c2007.
300 _a512 ص.
650 1 7 _aالفقه الاسلامي
650 1 7 _aالفتاوى
650 1 7 _aالوفاه
650 1 7 _aصلاه الجنازه
942 _2ddc
_cBK
999 _c110675
_d110675